00526nam a2200169Ia 450000500170000000800410001704000190005804100120007708200190008924500760010826000420018430000150022650400410024165000400028270000240032285000100034620221115125818.0131103s9999 xx 000 0 und d aLoreto College aEnglish a821.7bCOL-COB aColeridgeb a collection of critical essays cedited by Kathleen Coburn aEnglish CliffsbPrentice - Hallc1967 avi,186 p.  aIncludes bibliographical references  aColeridge,Samuel Taylor,1772 - 1834 aCoburn,Kathleen ed. aLCLIB